00607nam a22001697a 4500003000900000008004100009040007100050082002200121245002000143260002400163300004500187440003100232505011000263650001900373650002200392650002300414AR-CdUCM190425b ||||| |||| 00| 0 spa d aMUNICIPALIDAD PROVINCIAL DEL CUSCOcBIBLIOTECA MUNICIPAL DEL CUSCO aCannabi/N°2/2017 aCannabi Press / aCusco.bSYG,c2017. a14 páginas. :bilustraciones ;c30 cm. aCannabi Press.nN°2, 2017 aContenido: Wachuma el espíritu de los dioses. -- Manu el parque nacional. -- Arqueoastronomia Inka. ... aCultura andina aAstronomía Inka aMedina tradicional